000 00463nam a2200169 a 4500
001 6800
005 20180713190658.0
008 140415s1989 000 0 spa d
041 _aspa
082 _a741.6
_bPOW
100 1 _aPOWELL, DICK
245 1 0 _aADVANCED MARKER TECHNIQUES
260 _a[s.l.] :
_bMACDONALD AND CO PIBLISHERS,
_c1989
300 _a160
650 1 4 _aPUBLICIDAD COMERCIAL ARTISTICA
700 1 _aMONAHAN, PATRICIA
_ecoaut.
999 _c6800
_d6800